Obchodovanie s cennými papiermi

Cenné papiere - súčasť obchodného majetku podnikateľov. Právna úprava CP. Členenie CP, charakteristika vybraných druhov. Obchodovanie s cennými papiermi na Burze cenných papierov v Bratislave. Účtovanie CP.

Gespeichert in:
Bibliographische Detailangaben
1. Verfasser: Kaletová, Viera
Format: Buchkapitel
Sprache:Slowakisch
Schlagworte:
Tags: Tag hinzufügen
Keine Tags, Fügen Sie das erste Tag hinzu!

MARC

LEADER 00000naa a2200000 4500
001 0118861
005 20231114101105.5
041 0 |a slo 
044 |a SK 
245 1 0 |a Obchodovanie s cennými papiermi  |c Viera Kaletová 
520 |a Cenné papiere - súčasť obchodného majetku podnikateľov. Právna úprava CP. Členenie CP, charakteristika vybraných druhov. Obchodovanie s cennými papiermi na Burze cenných papierov v Bratislave. Účtovanie CP. 
610 2 0 |a papiere cenné 
610 2 0 |a burzy cenných papierov 
610 2 0 |a účtovanie 
100 1 |a Kaletová, Viera